000 01317cam a22003497a 4500
003 CHAP
005 20250703083537.0
008 010920d2001 mx r 00110 spa d
010 _a84778
011 _a85750
035 _a96286
040 _cCHAP
090 _aTesis
100 1 0 _aSegura García, Perla Melina
_9103649
245 1 0 _aEstudio previo de factibilidad técnico-económica de la producción intensiva de avestruz en la comunidad de San Pablo Ixayoc, municipio de Texcoco, Estado de México
_c/por Perla Melina Segura García y Fermín Tiburcio Rosales
260 _aChapingo, Méx. :
_bEl autor,
_c2001.
300 _a142 h.
502 _aTesis (Ing. Agroindustrial) -- UACH. Departamento de Ingeniería Agroindustrial
590 _aALEPH
_b10
_c20130110
_lUCH01
_h1443
590 _aBATCH-UPD
_b10
_c20130110
_lUCH01
_h0419
590 _aBATCH-UPD
_b10
_c20130410
_lUCH01
_h0054
590 _aBATCH-UPD
_b10
_c20130914
_lUCH01
_h0452
590 _aCONVERSION
_b10
_c20130109
_lUCH01
_h1347
650 1 4 _aAvestruz.
_98693
650 1 4 _aCarne de avestruz.
_919117
700 1 0 _aTiburcio Rosales, Fermín
_9113032
901 _aBK
905 _aAlejandra Carrasco M.
942 _cFOLL
949 _bBC
_cTES
_d33724000857199
_eTS2
_fc.2
_h38565
_i96286
_si
949 _bBC
_cTES
_d962861
_eTS1
_h38564
_i96286
_sb
999 _c84778
_d84778